| 000 | 00383nam a2200157Ia 4500 | ||
|---|---|---|---|
| 008 | 200103s9999||||xx |||||||||||||| ||und|| | ||
| 020 | _a9780713671780, | ||
| 040 | _aIMU-MPC | ||
| 082 | _aColumn-4 | ||
| 100 | _aStokoe, E. A. | ||
| 245 | 0 | _aReed's Ship Construction for Marine Students | |
| 250 | _aVol. 5 | ||
| 260 |
_bAdlard Coles Nautical _c2007 |
||
| 300 | _a192 | ||
| 942 | _cBK | ||
| 999 |
_c3126 _d3126 |
||